| 000 | 01233nam a2200361 i 4500 | ||
|---|---|---|---|
| 001 | 9722 | ||
| 003 | KOSZ 005 | ||
| 005 | 20221228123607.0 | ||
| 008 | 020718s1978 pl a |001 0 pol | ||
| 015 | _aPB 1978/7696 | ||
| 040 |
_aWA N _cWA N _dKOSZ 005/HR |
||
| 041 | 0 | _apol | |
| 046 | _k1978 | ||
| 080 | _a338.2 | ||
| 080 | _a304 | ||
| 100 | 1 |
_aSecomski, Kazimierz _d(1910-2002) _eAutor |
|
| 245 | 1 | 0 |
_aPolityka społeczno-ekonomiczna : _bzarys teorii / _cKazimierz Secomski. |
| 250 | _aWyd 2. | ||
| 260 |
_aWarszawa : _bPaństwowe Wydawnictwo Ekonomiczne, _c1978. |
||
| 300 |
_a453, [1] s. : _b1 portr. ; _c24 cm. |
||
| 336 |
_2rdacontent _aTekst _btxt |
||
| 337 |
_2rdamedia _aBez urządzenia pośredniczącego _bn |
||
| 338 |
_2rdacarrier _aWolumin _bnc |
||
| 504 | _aBibliogr. Indeksy. | ||
| 546 | _aStreszcz. ang., ros. | ||
| 650 | 4 | _aPolityka gospodarcza | |
| 650 | 4 | _aPolityka społeczna | |
| 658 | _aPolityka, politologia, administracja publiczna | ||
| 658 | _aGospodarka, ekonomia, finanse | ||
| 710 | 2 |
_aPaństwowe Wydawnictwo Ekonomiczne _4pbl. |
|
| 856 |
_uhttp://koha.tu.koszalin.pl/cgi-bin/koha/opac-detail.pl?biblionumber=26143 _yKAtalog online BPK |
||
| 942 |
_2UKD _cKS |
||
| 999 |
_c9722 _d9722 |
||